| 000 | 00507nam a2200217 a 4500 | ||
|---|---|---|---|
| 999 |
_c9653 _d9653 |
||
| 001 | 9653 | ||
| 003 | BD-JhCC | ||
| 005 | 20180321182113.0 | ||
| 008 | 180321s1929 e 000 0 eng d | ||
| 035 | _aBD-JhCC)9653 | ||
| 040 |
_aBD-JhCC _cEQO _dBD-JhCC |
||
| 041 | _aeng | ||
| 082 |
_a823 _bHIL 1946 |
||
| 245 | 0 | 3 |
_aAn English heritage / _cby W. Hill |
| 260 |
_aLond, _c1929 |
||
| 300 |
_a287 p. : _c20 cm. |
||
| 650 | _aEnglish Literature | ||
| 700 | 1 | _aHill, W. | |
| 942 |
_2ddc _cBK |
||